• 首页
  • 本馆介绍
  • 公告通知
  • 最新文献
  • 馆藏检索
  • 电子资源
  • 读者导购
  • 参考咨询
  • 我的图书馆
  • 登录
  • 详细信息显示
  • 放入我的书架
  • 预约/预借图书
  • 作者相关作品
  • 分类相关作品
  • 丛书相关作品
  • 出版社相关作品

书目信息

  • 表格格式
  • 工作单格式
  • 卡片格式
题名:
钢琴集体课教程
    
 
作者: 李和平 著
分册: 第二册  
出版信息: 上海   上海音乐出版社  2001.04
页数: 114页
开本: 16开
丛书名:
单 册:
中图分类: J624.16
科图分类:
主题词: 钢琴--理论 , 器乐--奏法 , 器乐--演奏
电子资源:
ISBN: 7-80553-984-7
000 00606nam0 2200217 45
001 0211261487
005 20031219104101.5
010    @a7-80553-984-7@dCNY22.00
100    @a20021126d2001 km y0chiy0120 ea
101 0  @achi
105    @a z 000yy
200 1  @a钢琴集体课教程@h第二册@AGang Qin Ji Ti Ke Jiao Cheng@f李和平著@FLi He Ping Zhu
210    @a上海@c上海音乐出版社@d2001.04
215    @a114页@d16开
606 0  @a钢琴@x理论
606 0  @a器乐@x奏法
606 0  @a器乐@x演奏
690    @aJ624.16@v4
701    @a李和平@4著
801    @aCN@bTSTC@c20021126
905    @b318123-125@dJ624.16@e105:2@f3
    
    钢琴集体课教程.第二册/李和平著.-上海:上海音乐出版社,2001.04
    114页;16开
    
    
    ISBN 7-80553-984-7:CNY22.00
    
●
相关链接 在E读中查询图书 在五车中查询图书 在当当中查询图书 在豆瓣中查询图书


正题名:钢琴集体课教程     索取号:J624.16/105:2         预约/预借

序号 登录号 条形码 馆藏地/架位号 状态 备注
1 0318123   203181234   第一借阅区/ [索取号:J624.16/105:2] 在馆    
2 0318124   203181243   第一借阅区/ [索取号:J624.16/105:2] 在馆    
3 0318125   203181252   第一样本阅览室/ [索取号:J624.16/105:2] 在馆    
唐山师范学院图书馆 欢迎您!
大连网信软件有限公司© 版权所有